| 000 | 00811nam a22002295i 4500 | ||
|---|---|---|---|
| 001 | 152574 | ||
| 003 | ES-MaACL | ||
| 005 | 20250718062543.0 | ||
| 008 | 981207e1866 fr |||| | fre d | ||
| 040 |
_aCCPB | B _bspa _cCCPB | B |
||
| 080 | _a241 | ||
| 100 | 1 |
_aBoutteville, Marc-Lucien _eaut _9147034 |
|
| 245 | 1 | 3 |
_aLa morale de l'Église et la morale naturelle / _cétudes critiques par M.-L. Boutteville. |
| 260 |
_aParis : _bMichel Lévy frères, _c1866 _f(J. Claye) |
||
| 300 |
_a576 páginas ; _c22 cm. |
||
| 650 | 7 |
_aÉtica _2embne _912577 |
|
| 650 | 0 | 4 |
_aMoral católica. _915192 |
| 852 |
_aES-MaACL _cSVI _gFirma autógrafa de Antonio Aura Boronat _hDonativo de Antonio Aura Boronat _jD-4961 _xHolandesa |
||
| 942 |
_2udc _cMONANT _n0 |
||
| 999 |
_c152574 _d152574 |
||